000 00424pab a2200157 454500
008 180718b2006 xxu||||| |||| 00| 0 eng d
100 _aPaula, Silvana De
245 _aBrazilian civil society structures and financial resources: the case of Rio 1992
260 _c2006
300 _ap.116-21.
362 _aJun
650 _aCivil society - Brazil
650 _aCivil society
773 _aDevelopment
909 _a71513
999 _c71513
_d71513